000 00814nam a22002177a 4500
003 UA-OsUOA
001 71161
007 ta
008 20101006b un ||||| |||| 00| 0 ukr d
100 _aСиланов Н.А.
090 _a659
_bС36
942 _cSA
040 _aUA-OsUOA
_brus
_cUA-OsUOA
_dUA-OsUOA
245 _aИнформационная графика в современной визуальной культуре
300 _aС.23-32
955 _a0
041 _arus
080 _a659
773 0 _w71159
_tВестник Московского университета. Серия 10. Журналистика
_dМ.
_d2010
_g3
650 7 _a659 Реклама. Система інформації. Громадська інформація та реклама (Паблик-Рилейшнз)
_2UDC
999 _c357435
_d357435